000
00326nmm a2200145 a 4500
003
AR-BaBNM
005
20251128202651.0
008
013119s[18- ||||||||||||||000 | spa||
040
_c
AR-BaBNM
100
1
_a
Cain, Georges
245
1
0
_a
A travers phris
260
_a
[S.l.]
_b
Flammarion
_c
[18--]
942
_c
BK
998
_c
Jacobzon
999
_c
49
_d
49